000 00789nam a2200253Ia 4500
003 OSt
005 20220925185838.0
006 a|||||r|||| 00| 0
007 ta
008 220923b |||||||| |||| 00| 0 eng d
020 _a9780324789188
_c2157.98
037 _b72, 17/09/2010, AVIVA BOOKS COMPANY
_cGeneral Book
040 _aRTL
_cRTL
_beng
041 _2eng
_aeng
082 _aX:8, P9
100 _aDYCK Bruno
_9236060
245 0 _aPrinciples of management
260 _aAustralia
_bCengage Learning
_c2009
300 _axxxiii, 587p Glossary: P 567-87
_ccm.
650 _aCommerce
700 _a NEUBERT Mitchell J
_9236061
942 _hX:8, P9
_cGB
_2CC
999 _c512423
_d512423